000 00290 a2200133 4500
001 194752
040 _cMagnum
100 _aLobato, Monteiro
240 1 0 _aReinações de Narizinho
_lpor
245 1 0 _aReinações de Narizinho
300 _a52
697 _aLITERATURA GERAL
942 _cBK
999 _c194752
_d194752